000
00329pam a2200157a 44500
008
230515b2007 xxu||||| |||| 00| 0 eng d
020
_a
NULL
041
_a
ENGLISH
082
_a
5.13
100
_a
LISCHNER RAY
245
_a
C++ IN A NUTSHELL
250
_a
1
260
_a
NULL
_b
NA
_c
2007
300
_a
791
650
_a
NULL
999
_c
636917
_d
636917